Catálogo público

Tecnología del Vino y Bebidas Derivadas / (Record no. 173102)

MARC details
000 -CABECERA
campo de control de longitud fija 00667nam a2200241Ia 4500
001 - NÚMERO DE CONTROL
campo de control dia_2584
003 - IDENTIFICADOR DEL NÚMERO DE CONTROL
campo de control CHAP
005 - FECHA Y HORA DE LA ÚLTIMA TRANSACCIÓN
campo de control 20251023164306.0
008 - DATOS DE LONGITUD FIJA--INFORMACIÓN GENERAL
campo de control de longitud fija 220117s1991 xx 000 0 und d
010 ## - NÚMERO DE CONTROL DE LA BIBLIOTECA DEL CONGRESO
Número de control de LC 173102
040 ## - FUENTE DE LA CATALOGACIÓN
Centro/agencia transcriptor CHAP
082 ## - NÚMERO DE LA CLASIFICACIÓN DECIMAL DEWEY
Número de clasificación 663.2 M33
100 ## - ENTRADA PRINCIPAL--NOMBRE DE PERSONA
Nombre de persona Madrid Vicente, Antonio
9 (RLIN) 69710
245 ## - MENCIÓN DE TÍTULO
Título Tecnología del Vino y Bebidas Derivadas /
Mención de responsabilidad, etc. por Antonio Madrid Vicente
260 ## - PUBLICACIÓN, DISTRIBUCIÓN, ETC.
Lugar de publicación, distribución, etc. Madrid :
Nombre del editor, distribuidor, etc. S.N.,
Fecha de publicación, distribución, etc. 1991
300 ## - DESCRIPCIÓN FÍSICA
Extensión 296 p.
650 ## - PUNTO DE ACCESO ADICIONAL DE MATERIA--TÉRMINO DE MATERIA
Término de materia o nombre geográfico como elemento de entrada 1.Vino
Subdivisión general elaboración/
9 (RLIN) 153179
650 ## - PUNTO DE ACCESO ADICIONAL DE MATERIA--TÉRMINO DE MATERIA
Término de materia o nombre geográfico como elemento de entrada Viticultura.
901 ## - ELEMENTOS DE DATOS A LOCAL LDA (RLIN)
a 663.2 M33
902 ## - ELEMENTOS DE DATOS B LOCAL, LDB (RLIN)
a M
905 ## - ELEMENTOS DE DATOS E LOCAL, LDE (RLIN)
a 0000001991 MADA 0000000000ESP00
942 ## - ELEMENTOS DE PUNTO DE ACCESO ADICIONAL (KOHA)
Tipo de ítem Koha Libro
Fuente del sistema de clasificación o colocación Dewey Decimal Classification
Holdings
Estado de retiro Estado de pérdida Fuente del sistema de clasificación o colocación Estado dañado Restricciones de uso No para préstamo Código de colección Localización permanente Ubicación/localización actual Fecha de adquisición Fuente de adquisición Información codificada de la localización en otra ubicación Coste, precio normal de compra Número de inventario Total de préstamos Signatura topográfica completa Código de barras Fecha visto por última vez Número de copia Tipo de ítem Koha
    Dewey Decimal Classification   Préstamo interno   General Ingenieria Agroindustrial Ingenieria Agroindustrial 19/05/1993 Compra Librería patena f. 7285 / (19-05-93) 1 194.00 167078   663.2 M33 dia_3642 18/01/2022 1 Libro